000 00748nam a2200241 i 4500
001 bg
100 1 _aZBOŚ, Danuta
245 1 0 _aPrzewodnik do ćwiczeń z przedmiotu Podstawy informatyki :
_bpomoc dydaktyczna /
_cDanuta Zboś.
250 _aWyd. 2.
260 _aKraków :
_bPK,
_c1996.
300 _a43 s. ;
_c24 cm.
490 1 _aInformatyka Stosowana / Politechnika Krakowska im. Tadeusza Kościuszki
650 9 _aKomputery
655 _aPodręczniki akademickie
830 0 _aInformatyka Stosowana (Politechnika Krakowska im. Tadeusza Kościuszki)
020 _a8390387808
040 _cBPK
041 0 _apl
080 _a681.322(075.8)
920 _a83-903878-0-8
942 _cKS
008 s pl f |000 0 pol
999 _c31581
_d31581
856 _uhttp://koha.tu.koszalin.pl/cgi-bin/koha/opac-detail.pl?biblionumber=31581
_yKatalog online BPK